Biện pháp phát triển đội ngũ Giảng viên trường Cao đẳng Công Nghệ Thông tin - Đại học Đà nẵng

Cơ sở lý luận của việc phát triển ĐNGV trường Cao đẳng Công nghệ Thông tin - ĐHĐN. Thực trạng công tác phát triển đội ngũ Giảng viên trường Cao đẳng Công nghệ Thông tin - ĐHĐN. Các biện pháp phát triển đội ngũ Giảng viên trường Cao đẳng Công nghệ Thông tin - ĐHĐN....

Cijeli opis

Spremljeno u:
Bibliografski detalji
Glavni autor: Phan Văn Minh
Daljnji autori: Trần Văn Hiếu TS (Hướng dẫn)
Format: Knjiga
Jezik:Vietnamese
Izdano: Đà Nẵng Đại học Đà Nẵng 2008
Teme:
Oznake: Dodaj oznaku
Bez oznaka, Budi prvi tko označuje ovaj zapis!
Thư viện lưu trữ: Mạng thư viện Đại học Đà Nẵng
LEADER 01762nam a2200349 4500
001 000010804
003 7023
005 20111221101243.0
008 111221s2008 viesd
041 |a vie 
072 |a Luận văn Thạc sĩ khoa học giáo dục 
082 |a 378.111  |b PH-M 
100 1 |a Phan Văn Minh 
245 1 |a Biện pháp phát triển đội ngũ Giảng viên trường Cao đẳng Công Nghệ Thông tin - Đại học Đà nẵng  |c Phan Văn Minh 
260 |a Đà Nẵng  |b Đại học Đà Nẵng  |c 2008 
300 |a 97 tr.  |c 29 cm  |e 1 tóm tắt 
500 |a Luận văn Thạc sĩ Khoa học giáo dục. Chuyên ngành: Quản lý giáo dục. Mã số: 60.14.05 
520 |a Cơ sở lý luận của việc phát triển ĐNGV trường Cao đẳng Công nghệ Thông tin - ĐHĐN. Thực trạng công tác phát triển đội ngũ Giảng viên trường Cao đẳng Công nghệ Thông tin - ĐHĐN. Các biện pháp phát triển đội ngũ Giảng viên trường Cao đẳng Công nghệ Thông tin - ĐHĐN. 
653 |a Biện pháp phát triển đội ngũ giảng viên 
653 |a Luận văn Thạc sĩ Khoa học giáo dục 
653 |a Trường CĐCN - ĐHĐN 
700 1 |a Trần Văn Hiếu  |c TS  |e Hướng dẫn 
OWN |a LSP 
AVA |a UDN50  |b LSP  |d 378.111 PH-M  |e available  |t Error 5001 Not defined in file expand_doc_bib_avail.  |f 1  |g 0  |h N  |i 0  |k 1 
999 |a From the UDN01 
AVA |a UDN50  |b LSP  |d 378.111 PH-M  |e available  |t Error 5001 Not defined in file expand_doc_bib_avail.  |f 1  |g 0  |h N  |i 0  |k 1 
TYP |a Monograph 
TYP |a Printed language 
980 |a Mạng thư viện Đại học Đà Nẵng